000 01288 a2200265 4500
003 NALT
005 20250818221633.0
008 210729t20212012enk ob 100 0 eng d
020 _a9781509955732
040 _aNALT
100 1 _aButt, Simon.
_924542
245 1 4 _aThe constitution of Indonesia :
_ba contextual analysis /
_cSimon Butt and Tim Lindsey.
_h[electronic resource]
260 _aOxford :
_bBloomsbury Publishing,
_c2021.
300 _aOnline resource
505 0 _aIndonesia' constitutions -- The presidency -- National legislatures, representative assemblies and elections -- Judicial power -- The Constitutional Court and its jurisdiction -- Decentralisation -- Human rights -- Religion, pluralism and Pancasila -- Article 33 and economic democracy.
650 7 _aConstitutional & administrative law
_2bicssc
_964429
650 0 _aConstitutional law
_zIndonesia
_938861
650 0 _aConstitutions
_zIndonesia
_921180
650 0 _aConstitutions
_zIndonesia
_xAnalysis
_965675
700 1 _aLindsey, Tim.
_93514
856 4 0 _uhttps://doi.org/10.5040/9781509955732?locatt=label:secondary_bloomsburyCollections
_zE-Book
942 _cEBK
_2lcc
996 _ajamriang.p
_bCATSTF
_c2024-07-25
999 _c105401
_d105401
998 _j25
_k นีลวัสน์ อินทรักษา